Jak lépe rozhodovat /

Hlavní autor: Pavelka, Karel
Jazyk: Čeština
Vydáno: Praha : Orbis, 1968
Fyzický popis: 15 s.
Knihy
Uloženo v:
LEADER 00620nam a22002052a 4500
001 001728849
003 CZ BrMZK
005 20200206065412.0
007 ta
008 200103s1968 xr er|||||||||||cze d
040 |a BOA001  |b cze  |e aacr2 
100 1 |a Pavelka, Karel  |7 jk01092049  |4 aut 
245 1 0 |a Jak lépe rozhodovat / 
260 |a Praha :  |b Orbis,  |c 1968 
300 |a 15 s. 
772 0 8 |i Samostatná příloha seriálu:  |t Hospodářské noviny,  |g č. 48/1968 
910 |a BOA001  |b X2-0616.305 
990 |a BK 
991 |b 202001 
996 6 |b 2618843922  |c X2-0616.305  |l MZK  |r Sklad / do 24 hodin  |n 0  |w 001780281  |u 000010  |a 1  |e BOA001  |j MZK50  |s P